00736nam a2200241 a 4500001001300000003000900013005001700022008004100039020002300080082001800103100002300121245005100144260004100195300000900236500003500245505001000280650003000290700002300320902000800343942000700351952011900358999001700477nice12345678IN_TiNIC20260116014440.0050524s2004 newa grp 000 0 eng  a0761987 c29500a330.0954bVAR aVarshney, Ashutosh aIndia and the Politics of Developing Countries aNew Delhi bSage Publications c2004 a271p aincludes index and biblioraphy2 aIndex aIndia-Economic Conditions1 aVarshney, Ashutosh bSRS cBK 001040708StackRoom-aHMIbHMId2007-04-25g295.00l0o330.0954 VARp020990r2007-04-25v295.00w2005-05-24yBK c15372d15372